<?xml version="1.0" encoding="UTF-8"?>
<marc:records xmlns:marc="http://www.loc.gov/MARC21/slim" xmlns:xsi="http://www.w3.org/2001/XMLSchema-instance" xsi:schemaLocation="http://www.loc.gov/MARC21/slim http://www.loc.gov/standards/marcxml/schema/MARC21slim.xsd">
  <marc:record>
    <marc:leader>04795ctm a2200517 a 4500</marc:leader>
    <marc:controlfield tag="001">9979574756403681</marc:controlfield>
    <marc:controlfield tag="005">20260219090357.0</marc:controlfield>
    <marc:controlfield tag="008">250630q18241825gs p          000 0 arc d</marc:controlfield>
    <marc:datafield ind1=" " ind2=" " tag="035">
  <marc:subfield code="a">(OCoLC)1525861258</marc:subfield>
</marc:datafield>
    <marc:datafield ind1=" " ind2=" " tag="040">
  <marc:subfield code="a">PAU</marc:subfield>
  <marc:subfield code="b">eng</marc:subfield>
  <marc:subfield code="e">amremm</marc:subfield>
  <marc:subfield code="c">PAU</marc:subfield>
  <marc:subfield code="d">PAU</marc:subfield>
</marc:datafield>
    <marc:datafield ind1="0" ind2=" " tag="041">
  <marc:subfield code="a">arc</marc:subfield>
  <marc:subfield code="a">heb</marc:subfield>
</marc:datafield>
    <marc:datafield ind1=" " ind2=" " tag="043">
  <marc:subfield code="a">a-gs---</marc:subfield>
</marc:datafield>
    <marc:datafield ind1=" " ind2=" " tag="049">
  <marc:subfield code="a">PAUU</marc:subfield>
</marc:datafield>
    <marc:datafield ind1=" " ind2="9" tag="099">
  <marc:subfield code="a">CAJS Rar Ms 776</marc:subfield>
</marc:datafield>
    <marc:datafield ind1="0" ind2="0" tag="245">
  <marc:subfield code="6">880-01</marc:subfield>
  <marc:subfield code="a">[Illuminated Ketubah : Axalcʻixe, Georgia, 1824 or 1825].</marc:subfield>
</marc:datafield>
    <marc:datafield ind1="0" ind2="0" tag="880">
  <marc:subfield code="6">245-01/r</marc:subfield>
  <marc:subfield code="a">[כתובה מאויירת : אחלציחה, גאורגה, תקפ"ה].</marc:subfield>
</marc:datafield>
    <marc:datafield ind1=" " ind2=" " tag="260">
  <marc:subfield code="6">880-02</marc:subfield>
  <marc:subfield code="a">Be-mata Akhiska y.ʻE.a. de-yatva ʻal nehar Ṭekore,</marc:subfield>
  <marc:subfield code="c">[5585, that is, 1824 or 1825]</marc:subfield>
</marc:datafield>
    <marc:datafield ind1=" " ind2=" " tag="880">
  <marc:subfield code="6">260-02/r</marc:subfield>
  <marc:subfield code="a">במתא אכיסכא יע"א דיתבא על נהר טקורי,</marc:subfield>
  <marc:subfield code="c">[תקפ"ה]</marc:subfield>
</marc:datafield>
    <marc:datafield ind1=" " ind2=" " tag="300">
  <marc:subfield code="a">1</marc:subfield>
  <marc:subfield code="f">item :</marc:subfield>
  <marc:subfield code="b">paper, color illuminations ;</marc:subfield>
  <marc:subfield code="c">463 x 410 mm (190 x 100 mm (text body) ; 90 x 160 mm (upper framing and verses)</marc:subfield>
</marc:datafield>
    <marc:datafield ind1=" " ind2=" " tag="336">
  <marc:subfield code="a">text</marc:subfield>
  <marc:subfield code="b">txt</marc:subfield>
  <marc:subfield code="2">rdacontent</marc:subfield>
</marc:datafield>
    <marc:datafield ind1=" " ind2=" " tag="337">
  <marc:subfield code="a">unmediated</marc:subfield>
  <marc:subfield code="b">n</marc:subfield>
  <marc:subfield code="2">rdamedia</marc:subfield>
</marc:datafield>
    <marc:datafield ind1=" " ind2=" " tag="338">
  <marc:subfield code="a">sheet</marc:subfield>
  <marc:subfield code="b">nb</marc:subfield>
  <marc:subfield code="2">rdacarrier</marc:subfield>
</marc:datafield>
    <marc:datafield ind1=" " ind2=" " tag="546">
  <marc:subfield code="a">Aramaic and Hebrew.</marc:subfield>
</marc:datafield>
    <marc:datafield ind1=" " ind2=" " tag="500">
  <marc:subfield code="a">Ms. leaf.</marc:subfield>
</marc:datafield>
    <marc:datafield ind1=" " ind2=" " tag="500">
  <marc:subfield code="a">Script: Written in an Persian-Oriental semicursive script (text) and a Sephardic square script (captions, and one frame of celebratory text).</marc:subfield>
</marc:datafield>
    <marc:datafield ind1=" " ind2=" " tag="500">
  <marc:subfield code="a">Decoration: Red Moorish arches painted around text columns; teal, green, and red half-circles around central frame, continuing pattern below ketubah; rosette-figures, drawn by ink stencil, masked, continuing the same color pattern; and a wider framing of plants, paired, with a final outer frame of traced circles; all paint gouache, and all ink geometric stenciling.</marc:subfield>
</marc:datafield>
    <marc:datafield ind1=" " ind2=" " tag="581">
  <marc:subfield code="a">Sabar, Shalom. Between East and West: An Important Illustrated Jewish Marriage Contract from the Remote Community of Akhaltsikhe, Georgia, 1824/25 (unpublished report : available in the curator's file).</marc:subfield>
</marc:datafield>
    <marc:datafield ind1=" " ind2=" " tag="500">
  <marc:subfield code="a">Title supplied by cataloger.</marc:subfield>
</marc:datafield>
    <marc:datafield ind1="1" ind2=" " tag="544">
  <marc:subfield code="n">Another illuminated Ketubah, from the neighboring village of Atskuri, with a similar program of illumination, is</marc:subfield>
  <marc:subfield code="a">UPenn CAJS Rar Ms 757</marc:subfield>
</marc:datafield>
    <marc:datafield ind1="1" ind2=" " tag="583">
  <marc:subfield code="a">cataloged</marc:subfield>
  <marc:subfield code="c">2025-06</marc:subfield>
  <marc:subfield code="k">CLM</marc:subfield>
</marc:datafield>
    <marc:datafield ind1="1" ind2=" " tag="561">
  <marc:subfield code="a">Sold by JCL Antiques (London), 2025.</marc:subfield>
</marc:datafield>
    <marc:datafield ind1=" " ind2=" " tag="524">
  <marc:subfield code="a">Illuminated Ketubah : Axalcʻixe, Georgia, 1824 or 1825 (UPenn CAJS Rar Ms 776). Library at the Herbert D. Katz Center for Advanced Judaic Studies, University of Pennsylvania.</marc:subfield>
</marc:datafield>
    <marc:datafield ind1="0" ind2="4" tag="600">
  <marc:subfield code="a">Yaʻaḳov ben Yitsḥaḳ,</marc:subfield>
  <marc:subfield code="c">(Axalcʻixe, Georgia)</marc:subfield>
</marc:datafield>
    <marc:datafield ind1="0" ind2="4" tag="600">
  <marc:subfield code="a">Ester bat Mikhaʼel,</marc:subfield>
  <marc:subfield code="c">(Axalcʻixe, Georgia)</marc:subfield>
</marc:datafield>
    <marc:datafield ind1=" " ind2="0" tag="650">
  <marc:subfield code="a">Manuscripts, Aramaic</marc:subfield>
  <marc:subfield code="z">Georgia (Republic)</marc:subfield>
  <marc:subfield code="z">Axalcʻixe (Samcʻxe-javaxetʻi)</marc:subfield>
  <marc:subfield code="y">19th century</marc:subfield>
  <marc:subfield code="v">Specimens.</marc:subfield>
</marc:datafield>
    <marc:datafield ind1=" " ind2="7" tag="655">
  <marc:subfield code="a">illuminated manuscripts</marc:subfield>
  <marc:subfield code="2">aat</marc:subfield>
  <marc:subfield code="0">http://vocab.getty.edu/aat/300265483</marc:subfield>
</marc:datafield>
    <marc:datafield ind1=" " ind2="7" tag="655">
  <marc:subfield code="a">ketubahs</marc:subfield>
  <marc:subfield code="2">aat</marc:subfield>
  <marc:subfield code="0">http://vocab.getty.edu/aat/300182873</marc:subfield>
</marc:datafield>
    <marc:datafield ind1=" " ind2="7" tag="655">
  <marc:subfield code="a">tuǧras</marc:subfield>
  <marc:subfield code="2">aat</marc:subfield>
  <marc:subfield code="0">http://vocab.getty.edu/aat/300310091</marc:subfield>
</marc:datafield>
    <marc:datafield ind1=" " ind2="7" tag="655">
  <marc:subfield code="a">gouaches (paintings)</marc:subfield>
  <marc:subfield code="2">aat</marc:subfield>
  <marc:subfield code="0">http://vocab.getty.edu/aat/300078928</marc:subfield>
</marc:datafield>
    <marc:datafield ind1=" " ind2="7" tag="655">
  <marc:subfield code="a">pen and ink drawings</marc:subfield>
  <marc:subfield code="2">aat</marc:subfield>
  <marc:subfield code="0">http://vocab.getty.edu/aat/300404676</marc:subfield>
</marc:datafield>
    <marc:datafield ind1=" " ind2="7" tag="655">
  <marc:subfield code="a">Manuscripts.</marc:subfield>
  <marc:subfield code="2">lcgft</marc:subfield>
  <marc:subfield code="0">http://id.loc.gov/authorities/genreForms/gf2022026088</marc:subfield>
</marc:datafield>
    <marc:datafield ind1="1" ind2=" " tag="700">
  <marc:subfield code="a">Ḳazov, David,</marc:subfield>
  <marc:subfield code="e">signer.</marc:subfield>
</marc:datafield>
    <marc:datafield ind1=" " ind2=" " tag="880">
  <marc:subfield code="6">500-00/r</marc:subfield>
  <marc:subfield code="a">Layout: Written in two paragraphs of 11 and 9 lines (Ketubah text), with one band of text in the next layer of framing (סימן אור"ה ס"י ברכ"ה ס"י גילה...), and three upper columns of decorative text, inside individual Moorish arches ("שוש" "בסימנא" "מצא").</marc:subfield>
</marc:datafield>
    <marc:datafield ind1=" " ind2=" " tag="880">
  <marc:subfield code="6">520-00/r</marc:subfield>
  <marc:subfield code="a">Georgian Ketubah, written for the marriage of Yaʻaḳov ben Yitsḥaḳ of Axalcʻixe, referred to as 'the city Akhiskha (the Turkish name for Axalcʻixe), which sits on the Ṭekore (today Mtkavri, or Kura) river', to Ester bat Mikhaʼel; two paragraphs of ketubah text, with one autograph below (the tuǧra signature of David Ḳazov (? דוד קאזוב).</marc:subfield>
</marc:datafield>
    <marc:datafield ind1=" " ind2=" " tag="852">
  <marc:subfield code="b">Kislak Center for Special Collections, Rare Books and Manuscripts</marc:subfield>
  <marc:subfield code="a">University of Pennsylvania</marc:subfield>
  <marc:subfield code="e">3420 Walnut Street, Philadelphia, Pennsylvania 19104-6206.</marc:subfield>
  <marc:subfield code="j">CAJS Rar Ms. 776</marc:subfield>
</marc:datafield>
    <marc:datafield ind1="4" ind2="1" tag="856">
  <marc:subfield code="z">Digital facsimile for browsing (Colenda)</marc:subfield>
  <marc:subfield code="u">https://colenda.library.upenn.edu/catalog/81431-p3t728h8h</marc:subfield>
</marc:datafield>
    <marc:datafield ind1=" " ind2=" " tag="AVA">
  <marc:subfield code="0">9979574756403681</marc:subfield>
  <marc:subfield code="8">22848009000003681</marc:subfield>
  <marc:subfield code="a">01UPENN_INST</marc:subfield>
  <marc:subfield code="b">KislakCntr</marc:subfield>
  <marc:subfield code="c">Manuscripts</marc:subfield>
  <marc:subfield code="d">CAJS Rar Ms 776</marc:subfield>
  <marc:subfield code="e">unavailable</marc:subfield>
  <marc:subfield code="f">1</marc:subfield>
  <marc:subfield code="g">1</marc:subfield>
  <marc:subfield code="j">scmss</marc:subfield>
  <marc:subfield code="k">8</marc:subfield>
  <marc:subfield code="p">1</marc:subfield>
  <marc:subfield code="q">Kislak Center for Special Collections, Rare Books and Manuscripts</marc:subfield>
</marc:datafield>
    <marc:holdings>
  <marc:holding>
    <marc:holding_id>22848009000003681</marc:holding_id>
    <marc:call_number>CAJS Rar Ms 776</marc:call_number>
    <marc:library>KislakCntr</marc:library>
    <marc:location>scmss</marc:location>
  </marc:holding>
</marc:holdings>
  </marc:record>
</marc:records>
